| 000 | 00719nam a2200193 i 4500 | ||
|---|---|---|---|
| 001 | 111652 | ||
| 003 | ES-MaACL | ||
| 005 | 20230906185335.0 | ||
| 007 | t| | ||
| 008 | 061121s1983 fr |||| | fre d | ||
| 020 | _a92-64-22420-3 | ||
| 110 | 2 |
_aOrganización de Cooperación y Desarrollo Económico. _9167502 |
|
| 245 | 1 | 3 |
_aLe règime de l'OCDE pour l'application de la normalisation internationale aux fruits et légumes / _cOrganisation de Coopération et de Développement Èconomiques. |
| 260 |
_aParís : _bOCDE, _c1983. |
||
| 300 |
_a60 p. ; _c24 cm. |
||
| 594 | _aPrecede al tít.: Normalisation internationale des fruits et lègumes. | ||
| 650 | 4 |
_aFruticultura. _912986 |
|
| 852 |
_aES-MaACL _j2136-F-16 |
||
| 999 |
_c111652 _d111652 |
||